• 首页
  • 本馆介绍
  • 公告通知
  • 最新文献
  • 馆藏检索
  • 电子资源
  • 读者导购
  • 参考咨询
  • 我的图书馆
  • 登录
  • 详细信息显示
  • 放入我的书架
  • 预约/预借图书
  • 作者相关作品
  • 分类相关作品
  • 丛书相关作品
  • 出版社相关作品

书目信息

  • 表格格式
  • 工作单格式
  • 卡片格式
题名:
暗夜·流年
    
 
作者: 亚新 著
分册:  
出版信息: 武汉   武汉大学出版社  2007
页数: 289页
开本: 24cm
丛书名:
单 册:
中图分类: R395.6
科图分类:
主题词: 心理咨询 , 心理咨询--普及读物 , 心理过程 , 心理状态
电子资源:
ISBN: 978-7-307-05465-3
000 00821nam0 2200265 450
001 1234188078
005 20090929095414.23
010    @a978-7-307-05465-3@dCNY26.00
100    @a20070327d2007 em y0chiy50 ea
101 0  @achi
102    @aCN@b420000
105    @ay z 000yy
106    @ar
200 1  @a暗夜·流年@e今晚我和你@f亚新著@Aan ye · liu nian
210    @a武汉@c武汉大学出版社@d2007
215    @a289页@d24cm
330    @a本书以精神心理流派和心理辅导为主线,精选了几十个典型的情感故事,透视了其中的困惑和症结,以独特的视角给读者心灵的指导和陪伴。
606 0  @a心理咨询
606 0  @a心理咨询@j普及读物
606 0  @a心理过程
606 0  @a心理状态
690    @aR395.6@v4
701  0 @a亚新@c(电台主持人)@4著@Aya xin
801  0 @aCN@b110019@c20070521
905    @a10447@dB842.6@eJY374
    
    暗夜·流年:今晚我和你/亚新著.-武汉:武汉大学出版社,2007
    289页;24cm
    
    
    ISBN 978-7-307-05465-3:CNY26.00
    本书以精神心理流派和心理辅导为主线,精选了几十个典型的情感故事,透视了其中的困惑和症结,以独特的视角给读者心灵的指导和陪伴。
●
相关链接 在E读中查询图书 在五车中查询图书 在当当中查询图书 在豆瓣中查询图书


正题名:暗夜·流年     索取号:B842.6/JY374         预约/预借

序号 登录号 条形码 馆藏地/架位号 状态 备注
1 7804121   278041218   学院路分馆/ [索取号:B842.6/JY374] 在馆    
2 7804122   278041227   学院路分馆/ [索取号:B842.6/JY374] 在馆    
唐山师范学院图书馆 欢迎您!
大连网信软件有限公司© 版权所有